Statistics for Denmark Euro 2020 Squad

Click here to take the quiz!

General Stats

  • This quiz has been taken 907 times
  • The average score is 14 of 27

Answer Stats

#PositionPlayer% Correct
10MFChristian Eriksen
96%
1GKKasper Schmeichel
96%
4DF ©Simon Kjær
89%
20FWYussuf Poulsen
77%
6DFAndreas Christensen
76%
14FWMikkel Damsgaard
70%
5DFJoakim Mæhle
67%
12FWKasper Dolberg
64%
9FWMartin Braithwaite
64%
8MFThomas Delaney
64%
23MFPierre-Emile Højbjerg
59%
3DFJannik Vestergaard
54%
18MFDaniel Wass
47%
11FWAndreas Skov Olsen
44%
7MFMathias Jensen
44%
2DFJoachim Andersen
43%
17DFJens Stryger Larsen
40%
24FWAndreas Cornelius
39%
15MFChristian Nørgaard
39%
ManagerKasper Hjulmand
35%
21FWJonas Wind
32%
22GKFrederik Rønnow
31%
16GKJonas Lössl
29%
25MFAnders Christiansen
21%
19DFNicolai Boilesen
18%
13FWRobert Skov
11%
26DFMathias Jørgensen
10%

Score Distribution

Percentile by Number Answered

Percent of People with Each Score

Your Score History

You have not taken this quiz